Oceanian Countries by Letter - Statistics

General Stats
  • This quiz has been taken 267 times
  • The average score is 8 of 9
Answer Stats
Letter N. Country % Correct
A 1 Australia
96%
F 2 Federated States of Micronesia/Fiji
95%
N 2 Nauru/New Zealand
94%
P 2 Palau/Papua New Guinea
92%
T 2 Tonga/Tuvalu
92%
S 2 Samoa/Solomon Islands
90%
K 1 Kiribati
89%
V 1 Vanuatu
88%
M 1 Marshall Islands
83%
No matching quizzes found
Score Distribution
Percent of People with Each Score
Percentile by Number Answered
Your Score History
You have not taken this quiz